Statistics for Europe by Picture #1

Click here to take the quiz!

General Stats

  • This quiz has been taken 118 times
  • The average score is 13 of 20

Answer Stats

Answer% Correct
Angela Merkel
93%
Pizza
93%
Croissant
92%
Berlin
90%
Mr Bean
90%
The Beatles
83%
Ukraine
78%
Leonardo da Vinci
75%
July Revolution
66%
Roger Federer
66%
Henry VIII
64%
Feta
59%
Finland
57%
Austro-Hungarian
55%
Pantheon
51%
Barcelona
43%
Santorini
41%
St Basil's Cathedral
33%
Sir Christopher Wren
28%
Mostar
26%

Score Distribution

Percentile by Number Answered

Percent of People with Each Score

Your Score History

You have not taken this quiz